| 000 | 00342nam a22001217a 4500 | ||
|---|---|---|---|
| 003 | SGT | ||
| 082 |
_a346.78094 _bKHA |
||
| 100 | _aKHATAVKAR PRANAV | ||
| 245 |
_aCOMMENTARY ON THE INSOLVENCY & BANKRUPTCY CODE 2016 _bDECODING THE LAW OF INSOLVENCY & BANKRUPTCY |
||
| 260 |
_aMUMBAI _bCURRENT PUBLICATION _c2016 |
||
| 300 | _a300 | ||
| 942 |
_2ddc _cBK |
||
| 999 |
_c28575 _d28575 |
||